| 000 | 00524nam a2200181Ia 4500 | ||
|---|---|---|---|
| 999 |
_c30232 _d30232 |
||
| 003 | OSt | ||
| 005 | 20231227160752.0 | ||
| 008 | 190216s9999||||xx |||||||||||||| ||und|| | ||
| 040 | _coclc | ||
| 082 |
_a894.8122 _bSHA/H |
||
| 100 | 1 |
_aShakespeare, William, _d1564-1616 _vAdaptations _974 |
|
| 245 | 0 |
_aHamlet / _cWilliam Shakespeare |
|
| 250 | _a2nd Ed. | ||
| 260 |
_bGolden Jokes Books, _c2015. _aKochi: |
||
| 300 | _a80p | ||
| 650 | _aMalayalam | ||
| 942 |
_cBK _2ddc _h894.8122 _iSHA/H _k894.8122 _mSHA/H |
||